Desarrollo curricular: específicamente rural
Gardado en:
| Autor Principal: | |
|---|---|
| Formato: | Libro |
| Idioma: | Lingua castelá |
| Publicado: |
Santiago
Ministerio de Educación
1995
|
| Series: | Manual de Desarrollo Curricular Para Escuelas Multigrado
|
| Subjects: | |
| Tags: |
Engadir etiqueta
Sen Etiquetas, Sexa o primeiro en etiquetar este rexistro!
|
MARC
| LEADER | 00000nam a2200000 a 4500 | ||
|---|---|---|---|
| 001 | UCS3081 | ||
| 003 | CL-VaPUC | ||
| 008 | 970613e19950000CL |||||||||||||||||spa|d | ||
| 082 | 0 | 4 | |a 375 |b SEP |2 21 |
| 100 | 0 | |a Sepúlveda E., Gastón |e author |9 389073 | |
| 245 | 1 | 0 | |a Desarrollo curricular: específicamente rural |
| 300 | |a 94 p | ||
| 942 | |c BK | ||
| 945 | |d 19970613 00:00:00 |a rleighto | ||
| 260 | |a Santiago |b Ministerio de Educación |c 1995 | ||
| 650 | 7 | |a DESARROLLO DEL CURRICULUM |2 CL-VaPUC |9 389074 | |
| 650 | 0 | |a Aprendizaje |9 254827 | |
| 650 | 0 | |a Cognición |9 270347 | |
| 650 | 0 | |a Evaluación de la educación |9 237505 | |
| 583 | |a last modification |c 19970613 00:00:00 |k Rodrigo Vera | ||
| 490 | 0 | |a Manual de Desarrollo Curricular Para Escuelas Multigrado | |
| 999 | |c 260929 |d 260927 | ||
| 952 | |0 0 |1 0 |4 0 |6 375_000000000000000_SEP_1995 |7 0 |8 P |9 287567 |a BIBEDU |b BIBEDU |c BIBEDU_PB |d 2019-11-19 |i 3309592 |o 375 SEP 1995 |p 3309592 |r 2024-01-25 |w 2019-11-19 |y BK |k EDU | ||